[Event "44th Annual World Open"]
[Site "Philadelphia USA"]
[Date "2016.07.03"]
[Round "6"]
[White "Panchanatham, Vignesh"]
[Black "Gorovets, Andrey"]
[Result "0-1"]
[WhiteTitle "FM"]
[BlackTitle "IM"]
[WhiteElo "2352"]
[BlackElo "2551"]
[WhiteFideId "2060523"]
[BlackFideId "13504037"]
[EventDate "2016.06.30"]
[EventType "swiss"]

1. d4 g6 2. c4 Bg7 3. Nf3 c5 4. d5 d6 5. Nc3 f5 6. e3 Bxc3+ 7. bxc3 Qa5 8. Qc2
Nf6 9. Bd3 Nbd7 10. O-O Ne5 11. Nd2 Qa6 12. f4 Nxd5 13. fxe5 Nxe3 14. Qb2 Nxf1
15. Nf3 Nxh2 16. Kxh2 dxe5 17. Nxe5 O-O 18. Bf4 Qf6 19. Qf2 g5 20. Qg3 h6 21.
Rh1 Qg7 22. Kg1 gxf4 23. Qxf4 Qg5 24. Qf3 Rf6 25. Rh5 Qc1+ 26. Kh2 Be6 27. Bxf5
Bxf5 28. Rxf5 Raf8 29. Qg3+ Kh7 30. Rxf6 Rxf6 31. Qd3+ Kg7 32. Qg3+ Qg5 33. Ng4
Rf4 34. Ne3 Rh4+ 35. Kg1 Qxg3 36. Nf5+ Kf7 37. Nxg3 Rxc4 0-1

[Event "44th Annual World Open"]
[Site "Philadelphia USA"]
[Date "2016.07.03"]
[Round "6"]
[White "Li, Ethan"]
[Black "Tang, Andrew"]
[Result "0-1"]
[BlackTitle "IM"]
[WhiteElo "2255"]
[BlackElo "2416"]
[WhiteFideId "2090678"]
[BlackFideId "2059630"]
[EventDate "2016.06.30"]
[EventType "swiss"]

1. d4 d5 2. c4 e6 3. Nf3 Nf6 4. g3 Be7 5. Bg2 O-O 6. O-O dxc4 7. Qc2 a6 8. a4
Bd7 9. Qxc4 Bc6 10. Bg5 Nbd7 11. Nc3 h6 12. Bxf6 Nxf6 13. b4 Bd5 14. Nxd5 exd5
15. Qb3 c6 16. Rfc1 Ne4 17. e3 Bf6 18. Rab1 Qd6 19. Rc2 Qd7 20. Rbc1 Nd6 21. Ne5
Qf5 22. Nd3 Rfe8 23. h4 g5 24. hxg5 hxg5 25. Nc5 Kg7 26. Nxb7 Nxb7 27. Rxc6 Nd8
28. R6c5 Ne6 29. Rxd5 Qg6 30. Rd7 Rad8 31. Rxd8 Rxd8 32. Rc6 g4 33. Rxa6 Ng5 34.
Qd1 Rh8 35. Ra5 Nf3+ 36. Kf1 Qe4 37. Rc5 Rh2 38. Qc2 Nd2+ 39. Ke1 Qxg2 40. Kxd2
Qxf2+ 41. Kd3 Qf1+ 0-1

[Event "44th Annual World Open"]
[Site "Philadelphia USA"]
[Date "2016.07.03"]
[Round "6"]
[White "Gorti, Akshita"]
[Black "Korley, Kassa"]
[Result "0-1"]
[WhiteTitle "FM"]
[BlackTitle "IM"]
[WhiteElo "2184"]
[BlackElo "2397"]
[WhiteFideId "2072505"]
[BlackFideId "2033801"]
[EventDate "2016.06.30"]
[EventType "swiss"]

1. d4 d5 2. c4 e6 3. Nf3 c5 4. cxd5 exd5 5. Nc3 Nc6 6. g3 Nf6 7. Bg2 Be7 8. O-O
O-O 9. Bg5 Be6 10. Rc1 b6 11. Qa4 Rc8 12. Rfd1 Nxd4 13. Nxd4 cxd4 14. Rxd4 h6
15. Bf4 Bc5 16. Rdd1 g5 17. Bd2 Qe7 18. e3 Rfd8 19. Be1 a5 20. h3 Kf8 21. a3 Bf5
22. Nxd5 Nxd5 23. Bxd5 Bxh3 24. Qe4 Qxe4 25. Bxe4 Rxd1 26. Rxd1 Be6 27. b4 axb4
28. axb4 Be7 29. b5 Rc4 30. Bc6 Rc2 31. Kg2 Bc5 32. Rd3 Ke7 33. Bd2 h5 34. e4 g4
35. Be3 Bxe3 36. Rxe3 Bc4 37. Ra3 Rb2 38. Ra7+ Kf8 39. Rb7 Bxb5 40. Bd5 Be8 41.
Rb8 Ke7 42. Rb7+ Kd6 43. Rb8 Ke7 44. Rb7+ Kf6 45. Rb8 Ba4 46. Rf8 Bd1 47. e5+
Kxe5 48. Rxf7 Kxd5 49. Rd7+ Kc6 50. Rxd1 Rc2 51. Rd8 Rc5 52. f4 b5 53. Kf2 b4
54. Ke3 Rc3+ 55. Ke4 Rxg3 56. Rh8 b3 57. Rxh5 b2 58. Rh1 Rb3 59. Rb1 g3 0-1

[Event "44th Annual World Open"]
[Site "Philadelphia USA"]
[Date "2016.07.03"]
[Round "6"]
[White "Arun Prasad, S."]
[Black "Brodsky, David"]
[Result "1-0"]
[WhiteTitle "GM"]
[BlackTitle "FM"]
[WhiteElo "2502"]
[BlackElo "2225"]
[WhiteFideId "5011167"]
[BlackFideId "2073250"]
[EventDate "2016.06.30"]
[EventType "swiss"]

1. Nf3 Nf6 2. c4 c6 3. Nc3 d5 4. e3 a6 5. d4 b5 6. b3 Bg4 7. Be2 e6 8. h3 Bh5 9.
g4 Bg6 10. Ne5 Nfd7 11. Nxg6 hxg6 12. Kf1 Nf6 13. Kg2 g5 14. Bd2 Nbd7 15. Rc1
Be7 16. cxd5 cxd5 17. a4 b4 18. Na2 a5 19. f3 O-O 20. Be1 Ne8 21. Bd3 Nd6 22.
Bg3 Rc8 23. Rxc8 Nxc8 24. Qc2 Ncb6 25. Bb5 Nb8 26. Bc7 Qc8 27. Rc1 Qb7 28. Bh2
Na8 29. Bc6 Nxc6 30. Qxc6 Qxc6 31. Rxc6 Bd8 32. Nc1 Nb6 33. Nd3 Nd7 34. Nc5 Nxc5
35. dxc5 Be7 36. Rc7 Re8 37. c6 Bc5 38. Rb7 1-0

[Event "44th Annual World Open"]
[Site "Philadelphia USA"]
[Date "2016.07.03"]
[Round "6"]
[White "Betaneli, Alexander"]
[Black "Colas, Joshua"]
[Result "0-1"]
[WhiteTitle "FM"]
[BlackTitle "FM"]
[WhiteElo "2226"]
[BlackElo "2387"]
[WhiteFideId "2012359"]
[BlackFideId "2044447"]
[EventDate "2016.06.30"]
[EventType "swiss"]

1. c4 Nf6 2. g3 e6 3. Bg2 d5 4. Nf3 Be7 5. O-O O-O 6. b3 d4 7. Bb2 c5 8. e3 Nc6
9. exd4 cxd4 10. Re1 Re8 11. d3 Bf8 12. Ne5 Nxe5 13. Rxe5 Bd6 14. Re1 e5 15. Nd2
a5 16. a3 Rb8 17. Qc2 b6 18. Ne4 Nxe4 19. Bxe4 Bb7 20. Qe2 Qd7 21. Bxb7 Qxb7 22.
Rac1 f5 23. Qf1 Bc5 24. Qg2 e4 25. g4 fxg4 26. Rxe4 Rxe4 27. Qxe4 Qxe4 28. dxe4
Re8 29. b4 axb4 30. axb4 Bxb4 31. Bxd4 Bc5 32. Bxc5 bxc5 33. Re1 Rd8 34. Kg2 Rd3
35. e5 Rd4 36. e6 Kf8 37. Ra1 Rxc4 38. Ra7 Re4 39. Rc7 c4 40. e7+ Ke8 41. Kg3 g5
42. f3 gxf3 43. Kxf3 Rf4+ 44. Kg3 h5 45. h3 Rd4 46. Kf2 Rd2+ 47. Ke3 Rd3+ 48.
Ke4 Rxh3 49. Kf5 g4 50. Kf6 Rf3+ 51. Ke6 Re3+ 52. Kf6 g3 53. Rc8+ Kd7 54. Rd8+
Kc6 55. Rh8 c3 56. Rxh5 g2 0-1

[Event "44th Annual World Open"]
[Site "Philadelphia USA"]
[Date "2016.07.03"]
[Round "6"]
[White "Ludwig, John G"]
[Black "Kim, Yoon-Young"]
[Result "1-0"]
[WhiteElo "2348"]
[BlackElo "2162"]
[WhiteFideId "2075512"]
[BlackFideId "30908779"]
[EventDate "2016.06.30"]
[EventType "swiss"]

1. e4 e5 2. Nf3 Nc6 3. Bb5 f5 4. Bxc6 dxc6 5. Nc3 Nf6 6. Qe2 fxe4 7. Nxe4 Bg4 8.
d3 Nxe4 9. Qxe4 Bxf3 10. Qxf3 Qd5 11. Qh5+ g6 12. Qg4 Qd7 13. Qxd7+ Kxd7 14. Be3
Bd6 15. O-O Rhe8 16. f3 b6 17. Rfe1 Re6 18. Bf2 Rae8 19. Re4 a5 20. Rae1 c5 21.
a4 R8e7 22. Bg3 Re8 23. h3 R8e7 24. Bh2 Re8 25. g4 R8e7 26. Kg2 Re8 27. Bg3 R8e7
28. Bh4 Re8 29. Bg5 Be7 30. Bd2 Bd6 31. h4 R8e7 32. Rh1 Rf7 33. h5 Rfe7 34. hxg6
hxg6 35. Bg5 Re8 36. Rh7+ Kc6 37. Rf7 Be7 38. Bd2 Bd6 39. Bc3 R8e7 40. Rf8 Rh7
41. Rg8 Rf7 42. b3 Kd7 43. Rh8 Ref6 44. Re3 Re6 45. Be1 Be7 46. Bg3 Bd6 47. Re1
Ref6 48. Rf1 Re6 49. Rg8 Ref6 50. Bh4 Re6 51. Rh1 Rh7 52. Bg5 Rxh1 53. Kxh1 Be7
54. Rg7 Kd6 55. Bxe7+ Rxe7 56. Rxg6+ Kd5 57. c3 c6 58. Kg2 Rd7 59. Kf2 b5 60.
Ke3 c4 61. dxc4+ bxc4 62. bxc4+ Kxc4 63. Rxc6+ Kb3 64. Rc5 Kxa4 65. Rxe5 Rc7 66.
c4 Rxc4 67. Re4 Rxe4+ 68. fxe4 Kb4 69. Kd3 a4 70. Kc2 Kc5 71. g5 Kd6 72. Kb2 Ke6
73. Ka3 Kf7 74. e5 Kg6 75. e6 Kg7 76. Kxa4 Kf8 77. g6 1-0

[Event "44th Annual World Open"]
[Site "Philadelphia USA"]
[Date "2016.07.03"]
[Round "6"]
[White "Ghatti, Sanjay"]
[Black "Atoufi, Pedram"]
[Result "1/2-1/2"]
[BlackTitle "FM"]
[WhiteElo "2150"]
[BlackElo "2272"]
[WhiteFideId "2076438"]
[BlackFideId "12501654"]
[EventDate "2016.06.30"]
[EventType "swiss"]

1. e4 e5 2. Nf3 Nc6 3. Bb5 a6 4. Ba4 b5 5. Bb3 Na5 6. O-O d6 7. c3 Nxb3 8. Qxb3
Bg4 9. d4 Bxf3 10. gxf3 c6 11. Be3 Nf6 12. Nd2 Be7 13. Kh1 O-O 14. f4 exd4 15.
cxd4 c5 16. Rg1 Re8 17. Rg2 Bf8 18. e5 cxd4 19. Bxd4 dxe5 20. Bxe5 Qxd2 21. Rd1
Qa5 22. Bxf6 Re1+ 23. Rg1 Rxd1 24. Qxd1 Qb6 25. Qd5 Rc8 26. Bd4 Qc6 27. Qxc6
Rxc6 28. Re1 Rc4 29. Rd1 Rc2 30. Kg2 f5 31. Be5 Kf7 32. Rd7+ Kg6 33. Rd8 Be7 34.
Rd7 Bf8 35. Rd8 Be7 36. Rd7 Bf6 37. Rd6 a5 38. Ra6 a4 39. Rb6 Rc5 40. b3 axb3
41. axb3 Kh5 42. b4 Rd5 43. Bxf6 gxf6 44. Kg3 Kg6 45. f3 Kf7 46. Kf2 Rd2+ 47.
Kg3 Rd5 48. h3 Kg6 49. Rb7 h6 50. Rb6 1/2-1/2

[Event "44th Annual World Open"]
[Site "Philadelphia USA"]
[Date "2016.07.03"]
[Round "6"]
[White "Ramya, Krishna I."]
[Black "Vibbert, Sean"]
[Result "0-1"]
[WhiteTitle "WFM"]
[BlackTitle "FM"]
[WhiteElo "2163"]
[BlackElo "2350"]
[WhiteFideId "5018064"]
[BlackFideId "2030292"]
[EventDate "2016.06.30"]
[EventType "swiss"]

1. d4 d5 2. c4 c6 3. cxd5 cxd5 4. Nf3 Nc6 5. Nc3 Nf6 6. Bf4 e6 7. Rc1 a6 8. Ne5
Bd7 9. Nxc6 Bxc6 10. Qb3 Qa5 11. Bd2 Qc7 12. e3 Bd6 13. h3 Qd7 14. Bd3 h5 15.
Ne2 Qe7 16. a3 Qd7 17. Bb4 Bc7 18. Qc2 Ne4 19. Bxe4 dxe4 20. Qc5 a5 21. Bd2 Bd6
22. Qg5 f6 23. Qg6+ Kf8 24. f4 h4 25. f5 Rh6 26. fxe6 Rxg6 27. exd7 Rxg2 28.
d8=Q+ Rxd8 29. Bxa5 Ra8 30. Bd2 Bb5 31. Nc3 Bg3+ 32. Kd1 Bc4 33. Kc2 Bd3+ 34.
Kd1 Rc8 35. Ra1 g5 36. a4 f5 37. a5 Kg7 38. d5 f4 39. Ra4 fxe3 40. Bxe3 Bc2+ 41.
Kc1 Bxa4 42. Bxg5 Bf2 43. Bf4 e3 44. Kb1 Bd7 45. Be5+ Kh7 46. Ka2 Bg3 47. Bd4 e2 0-1

[Event "44th Annual World Open"]
[Site "Philadelphia USA"]
[Date "2016.07.03"]
[Round "6"]
[White "Williams, Justus D"]
[Black "Song, Guannan Terry"]
[Result "0-1"]
[WhiteTitle "FM"]
[BlackTitle "FM"]
[WhiteElo "2305"]
[BlackElo "2215"]
[WhiteFideId "2049929"]
[BlackFideId "2614189"]
[EventDate "2016.06.30"]
[EventType "swiss"]

1. Nf3 c5 2. c4 Nf6 3. g3 b6 4. Bg2 Bb7 5. d4 cxd4 6. Qxd4 e6 7. Nc3 Be7 8. O-O
d6 9. Rd1 a6 10. Ng5 Bxg2 11. Kxg2 O-O 12. Nge4 Ne8 13. Qd3 Nd7 14. Bf4 Ra7 15.
b4 Qc8 16. Rac1 Ne5 17. Qd4 Nxc4 18. Na4 Rc7 19. Nxb6 Nxb6 20. Qxb6 Qa8 21. f3
Rxc1 22. Rxc1 e5 23. Bg5 Bxg5 24. Nxg5 Qd5 25. Rc2 Qd1 26. Qc6 Qb1 27. a4 h6 28.
Ne4 d5 29. Nf2 Qxb4 30. Qxd5 Qxa4 31. Ne4 0-1

[Event "44th Annual World Open"]
[Site "Philadelphia USA"]
[Date "2016.07.03"]
[Round "6"]
[White "Harshita Guddanti"]
[Black "Kretchetov, Alexandre"]
[Result "0-1"]
[BlackTitle "FM"]
[WhiteElo "2068"]
[BlackElo "2246"]
[WhiteFideId "25043250"]
[BlackFideId "4124588"]
[EventDate "2016.06.30"]
[EventType "swiss"]

1. e4 c6 2. d4 g6 3. Nc3 d5 4. e5 h5 5. Bd3 Nh6 6. Nge2 e6 7. Be3 b6 8. Qd2 Nf5
9. Bg5 Be7 10. Bxe7 Qxe7 11. Bxf5 gxf5 12. h4 Ba6 13. Qg5 c5 14. a4 Nc6 15. Nb5
Bxb5 16. axb5 Nxd4 17. Nxd4 cxd4 18. Qxe7+ Kxe7 19. Rh3 Rhc8 20. Kd2 f6 21. Rg3
fxe5 22. Rg7+ Kf6 23. Raxa7 Rxa7 24. Rxa7 Rc5 25. b4 Rxb5 26. c3 dxc3+ 27. Kxc3
d4+ 28. Kc4 Rd5 29. f3 d3 30. Ra1 d2 31. Rd1 e4 0-1

[Event "44th Annual World Open"]
[Site "Philadelphia USA"]
[Date "2016.07.03"]
[Round "6"]
[White "Xu, Runya"]
[Black "Chase, Christopher"]
[Result "0-1"]
[BlackTitle "FM"]
[WhiteElo "2023"]
[BlackElo "2282"]
[WhiteFideId "2084643"]
[BlackFideId "2002396"]
[EventDate "2016.06.30"]
[EventType "swiss"]

1. e4 g6 2. d4 Bg7 3. Nf3 d6 4. Nc3 a6 5. a4 b6 6. Be3 Bb7 7. Bd3 e6 8. O-O Ne7
9. Qd2 h6 10. Ne2 Nd7 11. c3 Nf6 12. Qc2 O-O 13. Nd2 Ng4 14. Bf4 e5 15. Bg3 exd4
16. cxd4 Nc6 17. h3 Nf6 18. Qb3 Nh5 19. d5 Nxg3 20. Nxg3 Nd4 21. Qd1 c6 22. Bc4
b5 23. dxc6 Bxc6 24. Bd5 Bxd5 25. exd5 Qg5 26. Nb3 Qxd5 27. Nxd4 Qxd4 28. Qxd4
Bxd4 29. Rfd1 Be5 30. Ne4 Rfd8 31. Rd5 f5 32. Nd2 Rab8 33. axb5 Rxb5 34. Rxb5
axb5 35. Nf3 Bf6 36. Kf1 b4 37. Ra4 Rb8 38. b3 Bc3 39. Ke2 Kf7 40. Kd3 Rb5 41.
Ra7+ Kf6 42. Rh7 Ra5 43. Rxh6 Ra2 44. Ke3 Rb2 45. Rh7 Rxb3 46. Nd2 Rb2 47. Nc4
Rb1 48. Kd3 Rd1+ 49. Kc2 Rf1 0-1

[Event "44th Annual World Open"]
[Site "Philadelphia USA"]
[Date "2016.07.03"]
[Round "6"]
[White "Sinha, Sahil"]
[Black "Nieto, Guillermo Luigui Ubaldo"]
[Result "1/2-1/2"]
[WhiteElo "2155"]
[BlackElo "2088"]
[WhiteFideId "2065231"]
[BlackFideId "4409604"]
[EventDate "2016.06.30"]
[EventType "swiss"]

1. d4 Nf6 2. c4 e6 3. Nf3 Bb4+ 4. Bd2 Qe7 5. g3 Nc6 6. Bg2 Bxd2+ 7. Nbxd2 O-O 8.
O-O d6 9. e4 e5 10. d5 Nb8 11. Ne1 a5 12. Nd3 Bg4 13. f3 Bd7 14. Qc2 Na6 15.
Rac1 b6 16. b3 Nc5 17. a3 Nxd3 18. Qxd3 Ra7 19. Qc3 Rfa8 20. Ra1 h6 21. Rfc1 Nh7
22. b4 axb4 23. axb4 f5 24. Rxa7 Rxa7 25. Ra1 Rxa1+ 26. Qxa1 fxe4 27. Nxe4 Nf6
28. Qa8+ Kf7 29. Nxf6 gxf6 30. Kf2 Bf5 31. Ke3 Bg6 32. Qc8 f5 33. Bh3 f4+ 34.
Kf2 Kg7 35. Be6 Bf7 36. Bxf7 fxg3+ 37. hxg3 Qxf7 38. Ke3 Qe7 39. Ke4 Qf7 40. Ke3
Qe7 41. Kd3 Qf7 42. Kc2 h5 43. Qd8 Kg6 44. Kd2 1/2-1/2

[Event "44th Annual World Open"]
[Site "Philadelphia USA"]
[Date "2016.07.03"]
[Round "6"]
[White "Acor, Corey B"]
[Black "Flaquer, Luis"]
[Result "1/2-1/2"]
[WhiteTitle "FM"]
[BlackTitle "FM"]
[WhiteElo "2304"]
[BlackElo "2195"]
[WhiteFideId "2024861"]
[BlackFideId "6400485"]
[EventDate "2016.06.30"]
[EventType "swiss"]

1. e4 c5 2. Nc3 Nc6 3. g3 g6 4. Bg2 Bg7 5. d3 d6 6. Be3 Rb8 7. Qd2 Nf6 8. h3 O-O
9. f4 Ne8 10. Nf3 Nc7 11. d4 cxd4 12. Nxd4 e5 13. Nb3 Ne6 14. f5 Ned4 15. g4 a5
16. O-O Nb4 17. Rac1 Qb6 18. f6 Bh6 19. Nxd4 Bxe3+ 20. Qxe3 Qxd4 21. Qxd4 exd4
22. Nb5 Nxa2 23. Ra1 Nb4 24. Nxd4 b6 25. Rfd1 Bd7 26. c3 Na6 27. Nc2 Rfc8 28.
Rxd6 Be8 29. Ne3 Rd8 30. Rad1 Rxd6 31. Rxd6 Nc5 32. Nd5 b5 33. e5 b4 34. cxb4
axb4 35. Nc7 Kf8 36. Na6 Nxa6 37. Rxa6 Rb5 38. Ra8 Rxe5 39. Bc6 g5 40. Kg2 Re2+
41. Kf3 Re6 42. Rxe8+ Rxe8 43. Bxe8 Kxe8 44. Ke4 Kd7 45. Kd5 b3 46. Kc4 Ke6 47.
Kxb3 Kxf6 48. Kc4 Ke5 49. b4 f5 50. gxf5 Kxf5 51. Kd5 Kf6 52. Kd6 h5 53. b5 g4
54. hxg4 h4 55. b6 h3 56. b7 h2 57. b8=Q h1=Q 58. Qf8+ Kg6 59. Qg8+ Kf6 60. g5+
Kf5 61. g6 Qd1+ 62. Ke7 Qe1+ 63. Kf8 Qb4+ 64. Kg7 Qd4+ 1/2-1/2

[Event "44th Annual World Open"]
[Site "Philadelphia USA"]
[Date "2016.07.03"]
[Round "6"]
[White "Sevian, Samuel"]
[Black "Liang, Awonder"]
[Result "1/2-1/2"]
[WhiteTitle "GM"]
[BlackTitle "IM"]
[WhiteElo "2603"]
[BlackElo "2408"]
[WhiteFideId "2040506"]
[BlackFideId "2056437"]
[EventDate "2016.06.30"]
[EventType "swiss"]

1. e4 e5 2. Nf3 Nc6 3. Bc4 Bc5 4. b4 Bxb4 5. c3 Ba5 6. d4 d6 7. Qb3 Qd7 8. dxe5
Bb6 9. Nbd2 dxe5 10. Bb5 f6 11. Nc4 Qf7 12. Ba3 Ne7 13. Qa4 O-O 14. Nxb6 cxb6
15. Nd2 Be6 16. O-O Rfd8 17. Rfd1 a6 18. Be2 b5 19. Qc2 Rac8 20. Qb2 Ng6 21. g3
Na5 22. h4 Nf8 23. Bb4 Nc4 24. Nxc4 Bxc4 25. Bg4 Be6 26. Rxd8 Rxd8 27. Bf3 Qc7
28. a4 bxa4 29. Rxa4 Qc6 30. Ra1 Bc4 31. Be7 Rd7 32. Ba3 Qb5 33. Bb4 Qc6 34. Ba3
Qb5 35. Bb4 Ne6 36. Qc2 b6 37. Bg4 a5 38. Ba3 Kf7 39. Rd1 Qc6 40. Rd2 b5 41. Kh2
Qc7 42. Qd1 Rxd2 43. Bxe6+ Ke8 44. Qxd2 Bxe6 45. Qd6 Qxd6 46. Bxd6 Kd7 47. Ba3
Bb3 48. Kg2 Bc2 49. Kf3 f5 50. exf5 Bxf5 51. Bf8 g6 52. Ke3 Ke6 53. Kd2 Kd5 54.
Kc1 Kc4 55. Kb2 Kd3 56. Bc5 1/2-1/2

[Event "44th Annual World Open"]
[Site "Philadelphia USA"]
[Date "2016.07.03"]
[Round "7.1"]
[White "Bachmann, Axel"]
[Black "Bologan, Viktor"]
[Result "1/2-1/2"]
[WhiteTitle "GM"]
[BlackTitle "GM"]
[WhiteElo "2642"]
[BlackElo "2654"]
[WhiteFideId "3700488"]
[BlackFideId "13900048"]
[EventDate "2016.06.30"]

1. Nf3 c5 2. c4 Nc6 3. Nc3 g6 4. g3 Bg7 5. Bg2 e6 6. d3 Nge7 7. Bd2 b6 8. Qc1 h6
9. O-O Bb7 10. a3 d6 11. Rb1 Qd7 12. b4 Rd8 13. Nb5 Ba8 14. Rd1 g5 15. bxc5 bxc5
16. a4 a6 17. Bc3 e5 18. Na3 O-O 19. Rb6 Nc8 20. Rb2 N8e7 21. Rb6 Qa7 22. a5 d5
23. h4 g4 24. Nh2 f5 25. Bd2 Kh7 26. Re1 d4 27. Nb5 axb5 28. cxb5 Nxa5 29. Ra6
Qd7 30. Bxa5 Rb8 31. Bd2 Qxb5 32. Ra7 Rfe8 33. Ra5 Qd7 34. Bxa8 Rxa8 35. Rxc5
Rec8 36. Nf1 Nd5 37. e3 Rxc5 38. Qxc5 dxe3 39. Nxe3 Nxe3 40. Bxe3 Qxd3 41. Qe7
Qc3 42. Rf1 Ra1 43. Qf7 Rxf1+ 44. Kxf1 Qc8 45. Kg1 Qf8 46. Qd5 Qe8 47. Qd6 Qf7
48. Qc6 Bf8 49. Kg2 Qe7 50. Kg1 Bg7 51. Qc8 Qf7 52. Qc6 Qf8 53. Qe6 Kh8 54. Qc4
Qb8 55. Qf7 Qf8 1/2-1/2

[Event "44th Annual World Open"]
[Site "Philadelphia USA"]
[Date "2016.07.03"]
[Round "7.2"]
[White "Li, Ruifeng"]
[Black "Papp, Gabor1"]
[Result "1/2-1/2"]
[WhiteTitle "IM"]
[BlackTitle "GM"]
[WhiteElo "2529"]
[BlackElo "2596"]
[WhiteFideId "2061074"]
[BlackFideId "718602"]
[EventDate "2016.06.30"]

1. e4 e5 2. Nf3 Nc6 3. Bb5 Nf6 4. O-O Nxe4 5. Re1 Nd6 6. Nxe5 Nxe5 7. Rxe5+ Be7
8. Bf1 O-O 9. d4 Bf6 10. Re1 Re8 11. c3 Rxe1 12. Qxe1 Qe8 13. Qd1 Nf5 14. Bf4 d6
15. Nd2 Nh4 16. g3 Ng6 17. Be3 d5 18. Bd3 Be6 19. Qc2 h6 20. Re1 Ne7 21. Bf4 Qd7
22. Nf3 Bg4 23. Nd2 b6 24. Be5 Bxe5 25. Rxe5 c5 26. dxc5 bxc5 27. c4 Rd8 28.
cxd5 Nxd5 29. Bh7+ Kh8 30. Bf5 Bxf5 31. Qxf5 Ne3 32. Qxd7 Rxd7 33. fxe3 Rxd2 34.
Rxc5 Rxb2 35. Ra5 f6 36. Rxa7 Kh7 37. a4 Ra2 38. h3 h5 39. Kf1 Kg6 40. a5 Kh6
41. a6 Kg6 42. Ra8 Kf5 43. a7 Kg6 44. e4 Kh7 45. Ke1 Kg6 46. Kd1 Kh7 47. Kc1 Kg6
48. Kb1 Ra4 49. Kb2 Kh7 50. Kb3 Ra1 51. Kb4 Kg6 52. Kc5 Ra2 53. Kd4 Ra3 54. Kd5
Ra4 55. Kc5 Ra1 56. Kb4 Ra2 57. Kc3 Ra3+ 58. Kd2 Kh7 59. Kc2 Kg6 60. Kb2 Ra4 61.
Kc3 Ra3+ 62. Kd4 Kh7 63. Kd5 Ra4 64. h4 Kg6 65. Kd6 Kh7 66. e5 fxe5 67. Kxe5
Ra5+ 1/2-1/2

[Event "44th Annual World Open"]
[Site "Philadelphia USA"]
[Date "2016.07.03"]
[Round "7.3"]
[White "Zherebukh, Yaroslav"]
[Black "Kacheishvili, Giorgi"]
[Result "1/2-1/2"]
[WhiteTitle "GM"]
[BlackTitle "GM"]
[WhiteElo "2595"]
[BlackElo "2589"]
[WhiteFideId "14116804"]
[BlackFideId "13600613"]
[EventDate "2016.06.30"]

1. d4 Nf6 2. c4 e6 3. Nf3 d5 4. Nc3 Bb4 5. cxd5 exd5 6. Qa4+ Nc6 7. Bg5 h6 8.
Bxf6 Qxf6 9. e3 O-O 10. Be2 Be6 11. O-O a6 12. Rfc1 Bd6 13. Qd1 Ne7 14. Ne1 Nf5
15. Rab1 c6 16. b4 Qe7 17. Qb3 Rad8 18. Na4 Rfe8 19. Nc5 Bc8 20. Qc3 Bc7 21. Nf3
Nd6 22. a4 Bg4 23. Qe1 Bb8 24. Nd2 Bf5 25. Rb3 Bc8 26. b5 axb5 27. axb5 cxb5 28.
Bxb5 Nxb5 29. Rxb5 b6 30. Nd3 Ba6 31. Rb3 Rc8 32. Nb4 Bc4 33. Nxc4 dxc4 34. Rbb1
Bd6 35. Na2 f5 36. Qd2 f4 37. exf4 b5 38. g3 Rb8 1/2-1/2

[Event "44th Annual World Open"]
[Site "Philadelphia USA"]
[Date "2016.07.03"]
[Round "7"]
[White "Corrales Jimenez, Fidel"]
[Black "Shimanov, Aleksandr"]
[Result "0-1"]
[WhiteTitle "GM"]
[BlackTitle "GM"]
[WhiteElo "2528"]
[BlackElo "2631"]
[WhiteFideId "3506690"]
[BlackFideId "4198603"]
[EventDate "2016.06.30"]
[EventType "swiss"]

1. e4 c6 2. d4 d5 3. Nc3 dxe4 4. Nxe4 Nf6 5. Nxf6+ exf6 6. c3 Bd6 7. Bd3 O-O 8.
Ne2 Re8 9. Qc2 h6 10. O-O Qc7 11. g3 Qa5 12. Re1 Bh3 13. Bd2 Nd7 14. Be4 Nf8 15.
Bf4 Be7 16. b4 Qh5 17. Rad1 Be6 18. Bd2 Bg4 19. Qd3 Bd6 20. f3 Rxe4 21. fxe4 Ng6
22. Bf4 Bxf4 23. gxf4 Bf3 24. Rd2 Qg4+ 25. Kf2 Qh4+ 26. Ng3 Bg4 27. Kg1 Nxf4 28.
Qe3 Nh3+ 29. Kg2 Re8 30. Rf1 Be6 31. Rf3 Bg4 32. Rf1 Re6 33. d5 cxd5 34. Rxd5
Ng5 35. Rf4 Qh3+ 36. Kg1 h5 37. e5 fxe5 38. Rf2 f6 39. Rd8+ Kh7 40. Qd3+ e4 41.
Qf1 e3 42. Qd3+ f5 43. Rg2 Bf3 0-1

[Event "44th Annual World Open"]
[Site "Philadelphia USA"]
[Date "2016.07.03"]
[Round "7"]
[White "Durarbayli, Vasif"]
[Black "Shabalov, Alexander"]
[Result "1-0"]
[WhiteTitle "GM"]
[BlackTitle "GM"]
[WhiteElo "2596"]
[BlackElo "2533"]
[WhiteFideId "13402935"]
[BlackFideId "2008572"]
[EventDate "2016.06.30"]
[EventType "swiss"]

1. e4 Nf6 2. e5 Nd5 3. d4 d6 4. c4 Nb6 5. exd6 cxd6 6. Nc3 g6 7. Be3 Bg7 8. Rc1
O-O 9. b3 Nc6 10. d5 Ne5 11. Be2 h5 12. Nf3 e6 13. Nxe5 Bxe5 14. dxe6 Bxe6 15.
Bf3 Qd7 16. O-O Bg4 17. Bxg4 hxg4 18. f4 gxf3 19. Qxf3 Rfe8 20. a4 Rad8 21. a5
Nc8 22. Bg5 1-0

[Event "44th Annual World Open"]
[Site "Philadelphia USA"]
[Date "2016.07.03"]
[Round "7"]
[White "Tang, Andrew"]
[Black "Ortiz Suarez, Isan Reynaldo"]
[Result "0-1"]
[WhiteTitle "IM"]
[BlackTitle "GM"]
[WhiteElo "2416"]
[BlackElo "2578"]
[WhiteFideId "2059630"]
[BlackFideId "3507165"]
[EventDate "2016.06.30"]
[EventType "swiss"]

1. d4 f5 2. Nf3 Nf6 3. c4 g6 4. Nc3 Bg7 5. Bf4 c5 6. e3 Ne4 7. Bd3 Nxc3 8. bxc3
Nc6 9. O-O d6 10. d5 Na5 11. Qc2 O-O 12. h4 h6 13. Rfe1 Qe8 14. g3 Qf7 15. e4
fxe4 16. Bxe4 Qf6 17. Rac1 Nxc4 18. Bxg6 b5 19. Ng5 Bf5 20. Bh7+ Kh8 21. Bxf5
hxg5 22. Bg6 gxf4 23. Re6 fxg3 24. Rxf6 Rxf6 25. fxg3 Bh6 26. Re1 Raf8 27. Bd3
Ne3 28. Rxe3 Bxe3+ 29. Kh1 Rf3 30. Qd1 c4 31. Be2 Rxg3 32. Kh2 Rg1 33. Qc2 Rf2+
34. Kh3 Bf4 0-1